000 00398nam a2200169Ia 4500
005 20250923144630.0
008 008 250917s9999 xx 000 0 eng d
037 _aPeriodicals
040 _aDSWL
_beng
_cDSWL
041 _aeng
_2eng
084 _qDSWL
245 0 _aProbation India
260 _bLucnow UP Government
_c1957
300 _a448p.
942 _cCR
999 _c1441407
_d1441407